01333nam a2200325 i 4500003000400000005001700004008004100021040001900062041000900081050002300090100001000113245009800123250001800221264006600239264005600305300004800361336002200409337002400431338002400455500010000479520013800579650004100717650003500758650003800793650004100831650004200872650006100914942001500975999001700990OSt20260530113914.0260507b2011 mx a|||| |||| 00| 0 eng d aICIbengcICI  aeng  aF1216.3b.H47 2011 eautor aThe Heritage of Mexico and Its Universal Value :bsites inscribed in the World Heritage List. a2011 edition. aMéxico :bInstituto Nacional de Antropología e Historia ; bConsejo Nacional para la Cultura y las Artes,c2011 a79 páginas :bcolor illustrations, maps ; 2rdacontentatexto 2rdamediaasin medio 2rdacarrieravolumen aPublication on Mexican cultural and natural sites inscribed on the UNESCO World Heritage List.  aComprehensive survey of the cultural and natural heritage sites of Mexico recognized by UNESCO for their outstanding universal value. aWorld Heritage areaszMexico.933904 aHistoric siteszMexico.933905 aCultural propertyzMexico.933906 aPatrimonio mundialzMéxico.933907 aSitios históricoszMéxico.933908 aConservación del patrimonio culturalzMéxico.933909 2lcccBKn1 c12239d12239